| 000 | 00599 a2200229 4500 | ||
|---|---|---|---|
| 001 | 18818 | ||
| 999 |
_c18818 _d5519 |
||
| 003 | TR-AnTOB | ||
| 005 | 20190408212954.0 | ||
| 008 | 041102s2003 tu tur | ||
| 020 | _a9752890040 | ||
| 041 | _atur | ||
| 050 |
_aPL248.M3353 _bİ45 2003 |
||
| 090 | _aPL248.M3353 İ45 2003 | ||
| 100 |
_aMağden, Perihan _99366 |
||
| 245 | 0 |
_aİki genç kızın romanı / _cPerihan Mağden. |
|
| 250 | _a14. bs. | ||
| 264 | 1 |
_aİstanbul : _bEverest Yayınları, _c2003 |
|
| 300 |
_a265 p. ; _c20 cm. |
||
| 490 | 0 |
_aEverest Yayınları; 109. _aTürkçe Edebiyat; 3 |
|
| 902 | _a0007781 | ||
| 942 | _cBK | ||